Architektúra takmer nulového domu, Polyfunkčný objekt Kollárovo námestie

Na minha lista:
Detalhes bibliográficos
Autor principal: Menyhartová, Lilla, 1988- (Author)
Outros Autores: Špaček, Robert, 1952- (Thesis advisor)
Formato: Manuscrito Livro
Idioma:eslovaco
Publicado em: Bratislava : STU v Bratislave FA, 2014
Assuntos:
Acesso em linha:VAIS
Tags: Adicionar Tag
Sem tags, seja o primeiro a adicionar uma tag!

MARC

LEADER 00000ntm a22000003a 4500
001 stu290657
005 20210317080328.8
008 140607s2014----xo------------------slo-d
040 |a STU  |b slo 
041 0 |a slo 
044 |a xo 
100 1 |a Menyhartová, Lilla,  |d 1988-  |4 aut  |u A  |T FAD Fakulta architektúry  |X 49400  |U A  |Y 50  |7 A000049400 
242 0 0 |a ARCHITEKTÚRA TAKMER NULOVÉHO DOMU POLYFUNKČNÝ OBJEKT KOLLÁROVO NÁMESTIE  |y eng 
245 1 |a Architektúra takmer nulového domu, Polyfunkčný objekt Kollárovo námestie 
260 |a Bratislava :  |b STU v Bratislave FA,  |c 2014 
650 7 |a prototyp  |2 stusub 
650 7 |a novotvar  |2 stusub 
700 1 |a Špaček, Robert,  |d 1952-  |4 ths  |u A2120  |U FAD Fakulta architektúry a dizajnu  |U FAD Fakulta architektúry  |T FA Ústav ekologickej a experimentálnej architektúry  |X 457  |U A2120  |Y 393  |7 A000000457 
856 4 |a info a plný text  |u http://is.stuba.sk/zp/portal_zp.pl?podrobnosti=103951  |u https://opac.crzp.sk/?fn=detailBiblioForm&sid=B0185F20487F708889173B60D476  |3 VAIS